| 000 | 00753nam a2200217Ia 4500 | ||
|---|---|---|---|
| 005 | 20230118111355.0 | ||
| 008 | 210716s2011 xx 000 0 und d | ||
| 020 | _a9780071332132 | ||
| 040 | _cAIMIT LIBRARY | ||
| 041 | _aeng | ||
| 082 |
_a153.94 _24 _bSHAA |
||
| 100 |
_aSharma, Arun; _969268 |
||
| 245 |
_aHow to prepare for verbal ability and reading comprehension for the CAT : _bcommon admission test / _cBy Arun Sharma and Meenakshi Upadhyay |
||
| 250 | _a4th ed. | ||
| 260 |
_aNew Delhi : _bTata McGraw Hill Publishing Company Ltd. , _c2011. |
||
| 300 |
_axxiii,1.290,2.324,4.71p. ; _bPB : _c28 cm. |
||
| 650 |
_aAptitude Test _969269 |
||
| 650 |
_aCAT _969271 |
||
| 700 |
_aUpadhyay, Meenakshi. _969270 |
||
| 942 |
_2ddc _cBK _e4th _k153.94 SHAA |
||
| 999 |
_c193133 _d193133 |
||